000 00328nam a22001337a 4500
008 170503b xxu||||| |||| 00| 0 eng d
020 _a9780495007456
041 _aeng
080 _25 ED
_a341
100 _a13
101 _aSHJ
245 _aFUBDAMENTALS PERSPECTIVE ON INTERNATIONAL LAW
_cSLOMANSON.W.R
942 _2udc
_cBK
999 _c12539
_d12539